Diseño del plan integral de gestión ambiental de los residuos sólidos urbanos del municipio de Condega Pigars 2019-2039
El Plan de Gestión Ambiental de Residuos Sólidos del municipio de Condega (PIGARS), se formuló de acuerdo a la realidad socio-económica del municipio, como herramienta para mejorar la calidad en la gestión del servicio de limpieza, recolección, y disposición final de tal manera que se mejorar...
| Main Authors: | , , |
|---|---|
| Other Authors: | |
| Format: | Tesis Section = Libro |
| Language: | Undetermined Spanish |
| Published: |
Managua
UNI/RUACS
2021
|
| Subjects: |
| LEADER | 01360nam a2200289Ia 4500 | ||
|---|---|---|---|
| 008 | 240830s9999 xx 000 0 und d | ||
| 040 | |a BIBLIOTECA-RUPAP Mon 628.44 R928 | ||
| 041 | |a spa | ||
| 082 | |a Mon 628.44 R928 | ||
| 100 | 1 | |a Rugama Peralta, Geovanny Haudiel | |
| 100 | 1 | |b González Torres, Elvis Alejandro | |
| 100 | 1 | |c Merlo Martínez, Eduardo Antonio | |
| 245 | 1 | 0 | |a Diseño del plan integral de gestión ambiental de los residuos sólidos urbanos del municipio de Condega Pigars 2019-2039 |
| 260 | |a Managua |b UNI/RUACS |c 2021 | ||
| 300 | |a 152 p. :il. | ||
| 500 | |a Contiene: Anexos y CD. | ||
| 502 | |a Tesis (Ingeniero Civil) - UNI, 2021. | ||
| 520 | 3 | |a El Plan de Gestión Ambiental de Residuos Sólidos del municipio de Condega (PIGARS), se formuló de acuerdo a la realidad socio-económica del municipio, como herramienta para mejorar la calidad en la gestión del servicio de limpieza, recolección, y disposición final de tal manera que se mejorarán las condiciones higiénico-sanitarias del municipio. | |
| 650 | 7 | |a RESIDUOS SOLIDOS (BASURA) | |
| 650 | 7 | |b RESIDUOS SOLIDOS URBANOS | |
| 650 | 7 | |c DESECHOS SOLIDOS-CLASIFICACION | |
| 650 | 7 | |d PLAN DE GESTION AMBIENTAL | |
| 650 | 7 | |e ESTUDIO DE IMPACTO AMBIENTAL. | |
| 700 | 1 | |a Tutor: |b Navarro Hudiel, Sergio junior | |
| 942 | |c BK |2 ddc | ||
| 991 | |a TESIS | ||
| 999 | |c 18886 | ||